| 000 | 00445nam a2200181Ia 4500 | ||
|---|---|---|---|
| 001 | 17755 | ||
| 005 | 20260306171540.0 | ||
| 008 | 260306s9999||||xx |||||||||||||| ||und|| | ||
| 041 | _aESP | ||
| 082 |
_a658.152 _bB82 2010 |
||
| 100 |
_aBrealey, Richard A. _eAUT |
||
| 245 | 0 | _aPrincipios de finanzas corporativas | |
| 260 | _c2010 | ||
| 300 |
_axxix, 964 páginas : _c27 cm. |
||
| 650 | _aGEN | ||
| 654 | _aCAN | ||
| 942 |
_cLIB _dJUS _fJUS _2ddc _n |
||
| 999 |
_c17755 _d17755 |
||